Marketingové řízení vědeckotechnického rozvoje.
Základné východiská marketingového riadenia. Vznik, vývoj a definícia marketingu. Stručný náčrt teórie marketingu. Marketingové riadenie, výskum a plánovanie. Analýza základných prvkov 4P - výrobok (product), podpora predaja (promotion), predajná cena (price), priestor (place).
Gespeichert in:
| 1. Verfasser: | |
|---|---|
| Format: | Buchkapitel |
| Sprache: | Tschechisch |
| Schlagworte: | |
| Tags: |
Keine Tags, Fügen Sie das erste Tag hinzu!
|
MARC
| LEADER | 00000naa a2200000 4500 | ||
|---|---|---|---|
| 001 | r010461 | ||
| 005 | 20220831090653.9 | ||
| 041 | 0 | |a cze | |
| 044 | |a [CS] | ||
| 245 | 1 | 0 | |a Marketingové řízení vědeckotechnického rozvoje. |c S. Hladík |
| 520 | |a Základné východiská marketingového riadenia. Vznik, vývoj a definícia marketingu. Stručný náčrt teórie marketingu. Marketingové riadenie, výskum a plánovanie. Analýza základných prvkov 4P - výrobok (product), podpora predaja (promotion), predajná cena (price), priestor (place). | ||
| 610 | 2 | 0 | |a marketing |
| 610 | 2 | 0 | |a riadenie |
| 610 | 2 | 0 | |a rozvoj vedeckotechnický |
| 610 | 2 | 0 | |a pojmy |
| 610 | 2 | 0 | |a koncepcie |
| 610 | 2 | 0 | |a 4P |
| 610 | 2 | 0 | |a marketing mix |
| 100 | 1 | |a Hladík, S. | |